| 000 | 00430cam a2200157ua 4500 | ||
|---|---|---|---|
| 003 | OSt | ||
| 008 | 220901b |||||||| |||| 00| 0 eng d | ||
| 041 | _aeng | ||
| 082 |
_a633.082 _bMEE/HA |
||
| 100 |
_aMeena om prakash, Chark . _95255 |
||
| 245 | _aHand of agrometerology / | ||
| 260 |
_aUdaipur : _bAgro tech publishing company , _c2007. |
||
| 300 |
_a144 ; _e`. |
||
| 700 | 1 |
_aSingh, soman Lakshman lal . _95256 |
|
| 942 | _cBK | ||
| 999 |
_c13085 _d13085 |
||